Manual del salón de belleza (Registro nro. 3590)
[ vista simple ]
| 000 -CABECERA | |
|---|---|
| Longitud fija campo de control | 01157nam a2200277Ia 4500 |
| 005 - • FECHA Y HORA DE LA ÚLTIMA TRANSACCIÓN | |
| Fecha y hora de la última transacción | 20220317000256.0 |
| 008 - • CÓDIGOS DE INFORMACIÓN DE LONGITUD FIJA | |
| Códigos de información de longitud fija | 00003022004 mx a g spa spa |
| 020 ## - • NÚMERO INTERNACIONAL NORMALIZADO PARA LIBROS | |
| Número Internacional Normalizado para Libros (ISBN) | 9682470544 |
| 041 ## - • CÓDIGO DE LENGUA | |
| Código de lengua del texto/banda sonora o título independiente | spa |
| 082 04 - • NÚMERO DE LA CLASIFICACIÓN DECIMAL DEWEY | |
| Número de clasificación (R) | 646.72 |
| Número del ítem | M15 |
| 040 ## - FUENTE DE LA CATALOGACIÓN | |
| Centro catalogador de origen | CO-BoRNBP |
| Lengua de catalogación | spa |
| Normas de descripción | rda |
| Centro transcriptor | CO-BoRNBP |
| 245 #0 - • TITULO PROPIAMENTE DICHO | |
| Título | Manual del salón de belleza |
| Resto del título | una guía paso a paso |
| Mención de responsabilidad, etc. | coordinación |
| Resto del título | Luis Lesur ; diseño gráfico y fotografía Carlos Marin |
| 250 ## - • MENCIÓN DE EDICIÓN | |
| Mención de edición | 1a. edición |
| 264 ## - PRODUCCIÓN, PUBLICACIÓN , DISTRIBUCIÓN, FABRICACIÓN Y COPYRIGHT | |
| Lugar de producción, publicación, distribución, fabricación | México |
| Nombre del productor, editor, distribuidor, fabricante | Trillas |
| Fecha de de producción, publicación, distribución, fabricación o copyright | 2004 |
| 300 ## - • DESCRIPCIÓN FÍSICA | |
| Extensión | 72 páginas |
| Otras características físicas | ilustraciones, fotografías a color |
| Dimensiones | 27 cm |
| 336 ## - TIPO DE CONTENIDO | |
| Término de tipo de contenido | texto |
| Código de tipo de contenido | txt |
| Fuente | rdacontent |
| 337 ## - TIPO DE MEDIO | |
| Nombre del tipo de medio | sin mediación |
| Código del tipo de medio | n |
| Fuente | rdamedia |
| 338 ## - TIPO DE SOPORTE | |
| Nombre del tipo de soporte | volumen |
| Código del tipo de soporte | nc |
| Fuente | rdacarrier |
| 490 ## - • MENCIÓN DE SERIE | |
| Mención de serie | Cómo hacer bien y fácilmente |
| 505 ## - • NOTA DE CONTENIDO CON FORMATO | |
| Nota de contenido con formato | El salón de belleza propio -- La clientela es el negocio -- El capital necesario -- El local -- Requisitos legales -- Instalación --Colaboradores -- Administración del dinero -- Atención a la clientela |
| 650 14 - • PUNTO DE ACCESO ADICIONAL DE MATERIA - TÉRMINO DE MATERIA | |
| Fuente del encabezamiento o término | LEMB |
| Término de materia o nombre geográfico como elemento inicial | Belleza personal |
| 650 14 - • PUNTO DE ACCESO ADICIONAL DE MATERIA - TÉRMINO DE MATERIA | |
| Fuente del encabezamiento o término | LEMB |
| Término de materia o nombre geográfico como elemento inicial | Nuevas empresas |
| 650 14 - • PUNTO DE ACCESO ADICIONAL DE MATERIA - TÉRMINO DE MATERIA | |
| Fuente del encabezamiento o término | LEMB |
| Término de materia o nombre geográfico como elemento inicial | Planificacion empresarial |
| 650 14 - • PUNTO DE ACCESO ADICIONAL DE MATERIA - TÉRMINO DE MATERIA | |
| Fuente del encabezamiento o término | LEMB |
| Término de materia o nombre geográfico como elemento inicial | Salones de belleza |
| Subdivisión de materia general | Administración |
| 942 ## - ENTRADA DE ELEMENTOS AGREGADOS (KOHA) | |
| Fuente de clasificaión o esquema | Dewey Decimal Classification |
| Koha [por defecto] tipo de item | LIbro |
No hay ítems disponibles.